MDQL
is popping MORE tags! Check the
thread
!
Quizzes
Events
Quiz Creation
Community
Videos
Private Events
Remove Ads
Sign In
Join for FREE
Feedback
Dark Mode
Quiz Categories
Sports
Geography
Music
Movies
Television
Just For Fun
Miscellaneous
History
Literature
Language
Science
Gaming
Entertainment
Religion
Holiday
For Kids
Quiz Lab
Recent
Popular Today
Quiz Kudos Today
Editor Picks
Curator Picks
Quizzes by...
Day
Popularity
Type
Ratings
Length
Year
Community
Subscriptions
Recent Discussions
Orange Saloon
Badges
Playlists
Quests
Create
Leaderboards
Showdown
Live 5
Trivia Bingo
Activity
Puzzle Library
Sporcle Events
Private Events
Virtual Trivia
Globe League
Become a Host
Pub Owners
SporcleCon
Opinionation
Our Games
Videos
Blog
Mobile Apps
Partnerships
Remove Ads and Go Orange
Feedback
Music
Pop Music
The Beatles
Song
Album
Lyrics
Bands
Singers
Artist
Clip
Rock
Rap
Classical
Billboard
Country Music
Kpop
Taylor Swift
Music
Pop Music
The Beatles
Song
Album
Lyrics
Bands
Singers
Artist
Clip
Rock
Rap
Classical
Billboard
Country Music
Kpop
Taylor Swift
Random Quiz
Search Sporcle
×
Quiz Lab
Quiz Lab
Music
Song
Type in answers that appear in a list
Type in answers that appear in a list
Classic
Best Score? Go Orange.
Tom Petty 50 song clip quiz Stats
Can you name the Tom Petty 50 song clip quiz?
By
popcorn28
15m
50 Questions
171 Plays
171 Plays
171 Plays
Comments
Comments
Give Quiz Kudos
Give Quiz Kudos
-
- Ratings
hide this ad
Forced Order
Answers have to be entered in order
Answers have to be entered in order
Replay
Link that replays current quiz
Next Quiz
Link to next quiz in quiz playlist
You Got
0%
They Got
Avg Score
62%
Avg Friend Score
Upgrade to see
Score Distribution
Jump to the score distribution portion of the page
Score
0/50
Timer
15:00
0
Plays Today
Time
Song
% Correct
0:00-
0:06
American Girl
95.9%
0:24-
0:30
Don't Come Around Here No More
93.5%
0:42-
0:48
Refugee
91.2%
1:54-
2:00
I Won't Back Down
90.6%
1:18-
1:24
Breakdown
89.4%
0:54-
1:00
Mary Jane's Last Dance
88.8%
3:48-
3:54
Free Fallin'
87.1%
1:42-
1:48
Into the Great Wide Open
85.9%
2:54-
3:00
Learning to Fly
85.9%
4:54-
5:00
Runnin' Down a Dream
83.5%
4:24-
4:30
Don't Do Me Like That
82.4%
3:00-
3:06
You Don't Know How it Feels
81.8%
0:30-
0:36
Yer So Bad
80.6%
1:30-
1:36
Wildflowers
77.6%
1:36-
1:42
You Wreck Me
74.7%
4:36-
4:42
You Got Lucky
74.1%
2:12-
2:18
I Need to Know
72.4%
2:30-
2:36
Stop Draggin' My Heart Around
71.8%
2:42-
2:48
The Waiting
71.2%
3:12-
3:18
Here Comes My Girl
70.6%
0:06-
0:12
Love is a Long Road
70%
4:00-
4:06
Listen to Her Heart
67.6%
0:12-
0:18
Rebels
66.5%
1:06-
1:12
The Last DJ
65.3%
3:30-
3:36
Even the Losers
62.4%
Time
Song
% Correct
2:36-
2:42
Honey Bee
61.8%
4:18-
4:24
It's Good to be King
61.8%
2:06-
2:12
A Face in the Crowd
60%
1:24-
1:30
Jammin' Me
57.1%
1:12-
1:18
A Woman in Love
56.5%
2:00-
2:06
Insider
56.5%
4:12-
4:18
Change of Heart
56.5%
3:54-
4:00
Crawling Back to You
54.1%
0:36-
0:42
Time to Move On
51.8%
3:36-
3:42
Two Gunslingers
49.4%
0:18-
0:24
Hometown Blues
48.8%
3:18-
3:24
Straight into Darkness
48.2%
1:00-
1:06
Louisiana Rain
47.6%
3:06-
3:12
Square One
47.6%
3:24-
3:30
Room at the Top
47.1%
4:30-
4:36
Cabin Down Below
47.1%
0:48-
0:54
It'll All Work Out
39.4%
1:48-
1:54
Free Girl Now
36.5%
4:42-
4:48
A Higher Place
32.4%
3:42-
3:48
Waiting for Tonight
31.8%
2:24-
2:30
Fault Lines
31.2%
2:48-
2:54
The Wild One, Forever
28.2%
4:48-
4:54
Red River
25.3%
4:06-
4:12
Letting You Go
23.5%
2:18-
2:24
Nightwatchman
22.9%
Quiz Playlist
Details
Report
Send in Message
Add To Playlist
Classic:
Type in answers that appear in a list
Forced Order:
Answers have to be entered in order
Last Updated: Feb 16, 2017
Quiz Scoreboard
CHALLENGE
Sign Up to Join the Scoreboard
Show All
Scores
Hide
Comments
May contain spoilers
Recently Published
Street Fighter Characters
by Artimus82
Gaming
60s
9x9 Crossword: Cartoon Network
by jackfrog10
Miscellaneous
3m
College Basketball Coaching Resumes
by pancakes188
Sports
9m
More to Explore
Quiz From the Vault
Featured Blog Post
Where Did the Easter Bunny Come From?
hide this ad
You Might Also Like...
Tags
Clip Quiz
Rock Quiz
Song Quiz
Guitar Songs
Music Clip
Petty
Rock and Roll Hall of Fame
Rock Songs
tom
Tom Petty
Today's Top Quizzes in Music
Browse Music
hide this ad
Today's Top Quizzes in Song
Browse Song
Top Contributed Quizzes in Music
1
Taylor Swift All Songs (2024)
2
Taylor Swift Logic Puzzle
3
Guess the Artist- 70s Songs
4
7-to-1: Billboard Hot 100 #1 Hits of 2010s
5
Sorting Albums and Songs
6
KPOP LOGIC QUIZ
7
Guess the Taylor Swift song (Mystery Song)
8
Guess The Taylor Swift Lyrics Song #1
9
Billboard Blitz: ABBA
10
Billboard Blitz: The Beatles
Explore More
Trending Topics
Kpop
Crossword
Anime
NBA
Disney
Harry Potter
Marvel
NFL
Soccer
The Office
Puzzle
Pokémon
WWE
Song
Country
hide this ad
More By:
popcorn28
Quiz
Plays
Rating
Category
Featured
Created
Led Zeppelin 50 song clip quiz (Clips)
551
5.00
Music
Jun 3, 2015
Wall songs (Clips)
356
4.33
Music
Oct 31, 2015
Guess that Actor
333
3.14
Movies
Aug 23, 2010
70's Album by Opening Track (Clips)
303
5.00
Music
Jul 11, 2015
Simon and Garfunkel 30 song clip quiz
234
5.00
Music
May 25, 2015
Go to Creator's Profile
Score Distribution
Quiz Creator Spotlight
popcorn28
Follow
Send a Message
Quizzes Created
-
Created Quiz Play Count
-
More By This Creator
Popular Quizzes Today
1
Find the US States - No Outlines Minefield
2
Find the Countries of Europe - No Outlines Minefield
3
The Countries of the World
4
Find the US States
5
Risky Map Clicking: Biggest States A-Z
6
US States
7
Popular People in 1961
8
Movies - When Are They Set?
More Music Quizzes
Opening Lyrics: The Doors
Quiz Lab
Trending Quizzes
Risky Map Clicking: Least Populous States A-Z
Countries of the World: 200 Million BC
1-10 Letter G Words
Risky Map Clicking: Next State Alphabetically
Adjectives in 80s TV Shows
Recently Updated
Leaping Animals
pecheneg
Reality TV Shows (A-Z)
bhenderson79
Rickey Henderson's Hall of Fame Teammates
pecheneg
Champions League XIs: Arsenal
pecheneg
Quick Pick: Celebrities in WWE's Hall of Fame
aduchscher
A-Z Keypad Blitz II
pecheneg
Multiple Oscar Actors
pecheneg
Mystery Phrase Blitz: Oscar 'Best Actors'
pecheneg
F. Scott Fitzgerald Novels
LTH
Pick 3 Villains
ddd62291
Trending Topics
Disney
Marvel
Harry Potter
Anime
Crossword
Kpop
NBA
Pokémon
WWE
Soccer
NFL
The Office
Country
Song
Puzzle
Your Account Isn't Verified!
In order to create a playlist on Sporcle, you need to verify the email address you used during registration. Go to your
Sporcle Settings
to finish the process.
Report this User
Report this user for behavior that violates our
Community Guidelines
.
Details:
Send Report
Go to the Sporcle.com Mobile Site →
Comments